Las Fundaciones en la Universidad de Costa Rica /
Sábháilte in:
| Príomhchruthaitheoir: | |
|---|---|
| Rannpháirtithe: | |
| Formáid: | Téacs |
| Ábhair: | |
| Clibeanna: |
Cuir clib leis
Níl clibeanna ann, Bí ar an gcéad duine le clib a chur leis an taifead seo!
|
MARC
| LEADER | 00000 a a2200000 04500 | ||
|---|---|---|---|
| 001 | 13564 | ||
| 003 | |||
| 040 | |||
| 100 | |a Aguilar S., Ruth | ||
| 245 | |a Las Fundaciones en la Universidad de Costa Rica / |c Ruth Aguilar S. ; Iván Soto V | ||
| 650 | |a UNIVERSIDAD DE COSTA RICA | ||
| 650 | |a LEGISLACION | ||
| 650 | |a CENTROS DE CAPACITACION | ||
| 650 | |a ADMINISTRACION | ||
| 700 | |a Soto V, Iván | ||
| 773 | |g número 67; páginas 31-45 | ||
| 999 | |c 34436 |d 34436 | ||
